000 00752nam a2200205 i 4500
001 60568
003 ES-MaACL
005 20230906164247.0
007 t|
008 031105s1984 sp c |||| | spa d
110 2 _aMuseo de Bellas Artes de Valencia.
_95848
245 1 0 _aCatálogo de dibujos II
_b: siglo XVIII /
_cAdela Espinós Díaz.
260 _a[Madrid] :
_bMinisterio de Cultura, Subdirección General de Museos,
_c[1984]
300 _a1 t. en 3 v. ;
_c24 cm.
505 8 _aContiene: I: A-U - II: V-Z - III: Anónimos
650 4 _aDibujo-
_zMuseo de Bellas Artes de Valencia-
_vCatálogos.
_9169686
700 1 _aEspinós Díaz, Adela.
_947868
710 1 _aEspaña.
_bSubdirección General de Museos.
_93997
852 _aES-MaACL
_jL-7097-99
999 _c60568
_d60568